| 000 | 00903nam a22003017a 4500 | ||
|---|---|---|---|
| 003 | CHAP | ||
| 005 | 20220329134048.0 | ||
| 008 | 971013s1960 r 00010 d | ||
| 010 | _a14827 | ||
| 011 | _a15799 | ||
| 035 | _a19876 | ||
| 040 | _cCHAP | ||
| 082 |
_a338.1765 _bB45 1960 |
||
| 100 | 0 | 0 |
_aBenjamin, Earl W. _911591 |
| 245 | _aMarketing poultry products | ||
| 250 | _a5 ed. | ||
| 260 |
_aNew York : _bWiley, _c(1960) |
||
| 300 |
_a327 p. _b: ilus. |
||
| 590 |
_aBATCH-UPD _b10 _c20130110 _lUCH01 _h0043 |
||
| 590 |
_aBATCH-UPD _b10 _c20130110 _lUCH01 _h2238 |
||
| 590 |
_aBATCH-UPD _b10 _c20130409 _lUCH01 _h2028 |
||
| 590 |
_aBATCH-UPD _b10 _c20130914 _lUCH01 _h1920 |
||
| 590 |
_aCONVERSION _b10 _c20130109 _lUCH01 _h1309 |
||
| 650 | 1 | 4 |
_aProductos avĂcolas _xMercadeo. _992051 |
| 901 | _aBK | ||
| 942 | _cLIBRO | ||
| 949 |
_a338.1765 B45 1960 _bBC _cLIBRO _d33724000415352 _eLIBRO _h11656 _i19876 _si |
||
| 999 |
_c14827 _d14827 |
||